MDQL
is popping MORE tags! Check the
thread
!
Quizzes
Events
Quiz Creation
Community
Videos
Private Events
Remove Ads
Sign In
Join for FREE
Feedback
Dark Mode
Quiz Categories
Sports
Geography
Music
Movies
Television
Just For Fun
Miscellaneous
History
Literature
Language
Science
Gaming
Entertainment
Religion
Holiday
For Kids
Quiz Lab
Recent
Popular Today
Quiz Kudos Today
Editor Picks
Curator Picks
Quizzes by...
Day
Popularity
Type
Ratings
Length
Year
Community
Subscriptions
Recent Discussions
Orange Saloon
Badges
Playlists
Quests
Create
Leaderboards
Showdown
Live 5
Trivia Bingo
Activity
Puzzle Library
Sporcle Events
Private Events
Virtual Trivia
Globe League
Become a Host
Pub Owners
SporcleCon
Opinionation
Our Games
Videos
Blog
Mobile Apps
Partnerships
Remove Ads and Go Orange
Feedback
Holiday
Halloween
Christmas
Holiday Songs
April Fools'
Thanksgiving
Valentine's Day
Easter
St Patrick's Day
National Holiday
Religious Holiday
Holiday
Halloween
Christmas
Holiday Songs
April Fools'
Thanksgiving
Valentine's Day
Easter
St Patrick's Day
National Holiday
Religious Holiday
Random Quiz
Search Sporcle
×
Quiz Lab
Quiz Lab
Holiday
Letter
Type in answers that appear in a list
Type in answers that appear in a list
Classic
Best Score? Go Orange.
A-Z Holidays Stats
Can you name the objects relating to the winter holdiays?
By
DeathBanana64
4m
26 Questions
384 Plays
384 Plays
384 Plays
Comments
Comments
Give Quiz Kudos
Give Quiz Kudos
-
- Ratings
hide this ad
Replay
Link that replays current quiz
Next Quiz
Link to next quiz in quiz playlist
You Got
0%
They Got
Avg Score
61%
Avg Friend Score
Upgrade to see
Score Distribution
Jump to the score distribution portion of the page
Score
0/26
Timer
04:00
0
Plays Today
Letter
Object
% Correct
B
Blitzen
86.7%
E
Eggnog
85.2%
I
Ice
81.3%
J
Jesus
79.2%
G
Grinch
78.1%
S
Santa Claus
76.3%
U
Under
74.2%
R
Rain
73.7%
V
Vixen
73.7%
O
Ornaments
73.4%
X
X-Mas
72.4%
Q
Quilt
71.9%
C
Candy Cane
71.1%
Letter
Object
% Correct
N
Nick
70.8%
Z
Zipper
68%
Y
Yeti
63.3%
K
Kwanzaa
59.6%
F
Father Christmas
58.3%
M
Menorah
55.5%
W
Whos
54.2%
T
Turkey
42.2%
D
Deck the Halls
39.6%
L
Latkes
30.7%
H
Holiday Season
26%
P
Polar Express
21.6%
A
Amy Grant
9.4%
Quiz Playlist
Details
Report
Send in Message
Add To Playlist
Classic:
Type in answers that appear in a list
Last Updated: Feb 16, 2017
Quiz Scoreboard
CHALLENGE
Sign Up to Join the Scoreboard
Show All
Scores
Hide
Comments
May contain spoilers
Recently Published
Colored Red Africa Blitz
by spor1
Geography
30s
Find the 'City' Movie
by crazypaving
Movies
60s
5x2 Blitz: Bands
by SL_Kpop136
Music
30s
More to Explore
Quiz From the Vault
Featured Blog Post
14 Easter Pick-up Lines to Find Eggs With
hide this ad
You Might Also Like...
Tags
Letter Quiz
A-Z
description
object
Relating
Winter
Today's Top Quizzes in Holiday
Browse Holiday
hide this ad
Today's Top Quizzes in Letter
Browse Letter
Top Contributed Quizzes in Holiday
1
Pick the Easter Eggs hidden in the Garden
2
5-to-1: Holiday Songs
3
5-to-1: Thanksgiving
4
New Year’s Party Puzzle
5
April Fools' Zebra Puzzle
6
Easter Teddy Bears
7
Thanksgiving Dinner by Criteria
8
Easter - Did You Know?
9
Christmas Pick: Easter
10
Holidays Spelling Bee
Explore More
Trending Topics
Kpop
Harry Potter
Marvel
NBA
Anime
Disney
Crossword
Song
Pokémon
Soccer
WWE
The Office
Country
NFL
Puzzle
hide this ad
More By:
DeathBanana64
Quiz
Plays
Rating
Category
Featured
Created
Full House Characters
2,893
3.38
Television
Jul 1, 2010
About Animal Crossing
2,146
3.75
Gaming
Mar 17, 2010
Ben 10 Aliens
2,099
3.67
Television
May 10, 2010
SSBM Characters By Stage
1,460
2.50
Gaming
Jul 4, 2010
iCarly Characters
1,365
2.00
Television
Feb 18, 2010
Go to Creator's Profile
Score Distribution
Quiz Creator Spotlight
DeathBanana64
Follow
Send a Message
Quizzes Created
-
Created Quiz Play Count
-
More By This Creator
Popular Quizzes Today
1
Colored Red Africa Blitz
2
Find the 'City' Movie
3
Find the US States - No Outlines Minefield
4
5x2 Blitz: Bands
5
The Countries of the World
6
Find the US States
7
US States
8
Find the Countries of Europe - No Outlines Minefield
More Holiday Quizzes
Paper Snowflake Match
Published
Trending Quizzes
Colored Red Europe Blitz I
Colored Red Europe Blitz II
Colored Red Africa Blitz II
Colored Red Europe Blitz III
Colored Red Africa Blitz III
Recently Updated
How Do You Spell That?
pecheneg
Godzilla Movies
pecheneg
Grab Bag: 4-10 Letters
pecheneg
2024 March Madness Bracket
pecheneg
Famous TV Couples
Peacemaker
Champions League XIs: Real Madrid
pecheneg
Largest US Cities 1790-2010
pecheneg
Rides in Walt Disney World
pecheneg
Most Oscar Losses (Acting)
pecheneg
Beyoncé Albums
pecheneg
Trending Topics
Kpop
NBA
Harry Potter
Marvel
Disney
Anime
Crossword
Song
NFL
Puzzle
The Office
Pokémon
WWE
Country
Soccer
Your Account Isn't Verified!
In order to create a playlist on Sporcle, you need to verify the email address you used during registration. Go to your
Sporcle Settings
to finish the process.
Report this User
Report this user for behavior that violates our
Community Guidelines
.
Details:
Send Report
Go to the Sporcle.com Mobile Site →
Comments